Statistiques concernant Quiz voiture: Photos Lamborghini

Cliquez ici pour prendre le quiz!

Statistiques générales

  • Ce quiz a été pris 611 fois
  • Le résultat moyen est 6 sur 9

Statistiques - réponses

Réponse% Correct
Aventador
94%
Urus
87%
Huracan
85%
Countach
78%
Gallardo
74%
Murcielago
70%
Veneno
65%
Diablo SV
60%
Dino
4%

Distribution des résultats

Percentile par nombre de réponses

% des personnes avec chaque résultat

Votre développement - résultats

Vous n’avez pas pris ce quiz